00936nam a2200217 a 4500003000200000005001700002008004100019050003300060100003500093245011200128260009200240300004000332504004100372650003400413650003300447650003100480650004400511942001400555999001700569952013200586020250516150327.0021129s19uu xx 00 eng d aPGS HQ 755.85 b.So715 2001  aSosmeña, David Nathaniel M. a The common reminders given by parents working abroad to thieir children /cDavid Nathaniel M. Sosmeña. aLas Piñas City, Philippines : bSouthville International School and Colleges,c2001. a30 pages :billustrations ;c28 cm. aIncludes bibliographical references. aChildren of migrant laborers. aChildren of foreign workers. aCommunication in families. aOverseas WorkersvFamily relationships. 2lcccPASS c96533d96533 00102lcc40aLUXbLUXcPASSd2002-11-29eDONATIONl0oPGS HQ 755.85 .So715 2001pP0508r2014-04-08 00:00:00w2014-04-08yPASS